| 000 | 01587nam a2200217 4500 | ||
|---|---|---|---|
| 003 | CO-ViMGA | ||
| 020 | _a9789587850475 | ||
| 040 |
_aCO-ViMGA _bspa _cCO-ViMGA |
||
| 082 | 0 | 4 |
_a398.209 _bN23 |
| 245 | 1 | 0 |
_aNegro he sido, negro soy, negro vengo, negro voy _cInstitución Educativa Normal Superior La Inmaculada ; ilustraciones Yadi Yiseth Lerma |
| 260 |
_aBogotá : _bMinisterio de Educación Nacional _c2017 |
||
| 300 |
_a50 p. : _bil. |
||
| 490 |
_aPlan Nacional de Lectura y Escritura Leer es mi Cuento _aRío de letras. Territorios narrados ; 20 |
||
| 500 | _aColección de actualización bibliográfica para la Red de Bibliotecas Públicas del Ministerio de Cultura, Plan Nacional de Lectura y Escritura Leer es mi cuento, 2018 | ||
| 504 | _aIncluye glosario | ||
| 520 | _aNegro he sido, negro soy, negro vengo, negro voy es un cancionero tradicional que dibuja los momentos esenciales en la vida de cualquier guapireño, desde el nacimiento (canciones de cuna y arrullos), pasando por la vida cotidiana (canciones de boda y loas), hasta el siempre prematuro encuentro con la muerte (velorios de angelitos y alabaos). Así, en estas páginas se rinde homenaje a la arraigada tradición musical africana presente en el corazón del Pacífico colombiano; un rumor que viene de siglos atrás y que se ha vuelto un lenguaje propio y una manera de vivir y de hacer comunidad... tomado de la contracubierta del libro | ||
| 650 | 1 | 4 |
_aAfrocolombianos _xFolclor _913768 |
| 650 | 1 | 4 |
_aCanciones folclóricas afrocolombianas _913875 |
| 700 | 1 |
_aLerma, Yadi Yiseth _913876 |
|
| 942 |
_2ddc _cBK |
||
| 999 |
_c11897 _d11897 |
||